Фильмы с Джеком Николсоном - Армагеддон - Statistics

General Stats
  • This quiz has been taken 17 times
  • The average score is 6 of 25
Answers on the Grid
Answers color-coded by a green-red scale on the quiz's grid according to % correct below.
Два Джейка
Аэропорт
Газонокосильщик
Несколько хороших парней
Рио Браво
Честь семьи Прицци
Любовь к собакам обязательна
Сияние
Лучше не бывает
Смерть ей к лицу
Бонни и Клайд
Ревность
Марс атакует
Познание плоти
Железная хватка
Идиоты
Управление гневом
Последний наряд
Фарго
Пролетая над гнездом кукушки
О Шмидте
Видеодром
Мошенник
Тренировочный день
Хоффа
Беспечный ездок
Гран Торино
Отступники
12 лет рабства
Воины
Постовой на перекрёстке
Профессия: репортёр
Иствикские ведьмы
Волк
Список Шиндлера
Обещание
Муштра
Держа путь на юг
Незнакомцы в поезде
Вестсайдская история
Китайский квартал
Долгое ожидание
Бэтмен
Как преуспеть в рекламе
Почтальон всегда звонит дважды
Кабаре
Человек-слон
Паттон
Красные
Тёмная половина
 
Answer Stats
Answer % Correct
Сияние
82%
Пролетая над гнездом кукушки
64%
Отступники
55%
Управление гневом
45%
Лучше не бывает
36%
Китайский квартал
36%
О Шмидте
27%
Иствикские ведьмы
27%
Волк
27%
Бэтмен
27%
Два Джейка
18%
Несколько хороших парней
18%
Марс атакует
18%
Беспечный ездок
18%
Почтальон всегда звонит дважды
18%
Ревность
9%
Последний наряд
9%
Хоффа
9%
Профессия: репортёр
9%
Обещание
9%
Держа путь на юг
9%
Честь семьи Прицци
0%
Познание плоти
0%
Постовой на перекрёстке
0%
Красные
0%
No matching quizzes found
Score Distribution
Percent of People with Each Score
Percentile by Number Answered
Your Score History
You have not taken this quiz